Shakespearean tragedy/ (Record no. 7822)

MARC details
000 -LEADER
fixed length control field 00563cam a2200217ua 4500
005 - DATE AND TIME OF LATEST TRANSACTION
control field 20221020112046.0
008 - FIXED-LENGTH DATA ELEMENTS--GENERAL INFORMATION
fixed length control field 150213n ii |||gr||||Z||||||eng
020 ## - INTERNATIONAL STANDARD BOOK NUMBER
International Standard Book Number 9788171563807
040 ## - CATALOGING SOURCE
Transcribing agency MAIN
Original cataloging agency IN-DiNC
041 ## - LANGUAGE CODE
Language code of sung or spoken text English
082 ## - DEWEY DECIMAL CLASSIFICATION NUMBER
Classification number 822.33
Item number BRA
100 ## - MAIN ENTRY--PERSONAL NAME
Personal name Bradley, A C,
Relator term Author
245 1# - TITLE STATEMENT
Title Shakespearean tragedy/
Statement of responsibility, etc. By A C Bradley
250 ## - EDITION STATEMENT
Edition statement 1st.
260 ## - PUBLICATION, DISTRIBUTION, ETC.
Place of publication, distribution, etc. New Delhi:
Name of publisher, distributor, etc. Atlantic,
Date of publication, distribution, etc. 2010.
300 ## - PHYSICAL DESCRIPTION
Extent xii, 444p.
650 ## - SUBJECT ADDED ENTRY--TOPICAL TERM
Topical term or geographic name entry element Lectures on Shakespearean drama
942 ## - ADDED ENTRY ELEMENTS (KOHA)
Koha item type Books
Source of classification or shelving scheme Dewey Decimal Classification
653 ## - INDEX TERM--UNCONTROLLED
Uncontrolled term English drama
653 ## - INDEX TERM--UNCONTROLLED
Uncontrolled term Shakespeare drama
Holdings
Withdrawn status Lost status Source of classification or shelving scheme Damaged status Not for loan Collection code Home library Current library Shelving location Date acquired Cost, normal purchase price Total Checkouts Full call number Barcode Date last seen Date last checked out Copy number Price effective from Koha item type
    Dewey Decimal Classification     English Central Library, Naharkatiya College Central Library, Naharkatiya College General Stacks 19/09/2020 995.00 1 822.33 BRA 20860 04/02/2021 30/01/2021 1 19/09/2020 Books
    Dewey Decimal Classification     English Central Library, Naharkatiya College Central Library, Naharkatiya College General Stacks 20/10/2022 995.00   822.33 BRA 27732 20/10/2022   2 20/10/2022 Books

Naharkatiya College © 2020. All rights reserved.

Powered By